=LDR 00000nam 2200000 4500 =001 INLIS000000000004850 =005 20130612093123 =008 ***********************************Ind** =035 ##$$0010-061300000004850 =041 ##$$a Ind =082 ##$$a 819.2 =090 ##$$a 819.2, Sur s =100 ##$$a SURAKARTA, Pujangga =245 ##$$a Seral Dewaruci Kidung dari bentuk Kakawin / oleh Pujangga Surakarta. -- =260 ##$$a 1996 $b Semarang : Dahara Prize =300 ##$$a 84 hlm. ; 15 cm =650 ##$$a Kesusastraan Jawa =850 ##$$a NBPNMAT